| 000 | 00000nam##2200000za#4500 |
| 001 | 9.695765 |
| 003 | CaOODSP |
| 005 | 20210624234726 |
| 007 | cr ||||||||||| |
| 008 | 150407|2001||||xxc|||||o f|0| 0 eng|d |
| 040 | |aCaOODSP|beng |
| 043 | |an-cn--- |
| 086 | 1 |aCH24-6/1-2001E-PDF |
| 110 | 1 |aCanada.|bCanadian Heritage. |bCanadian Sport Policy. |
| 245 | 10|a[Building Canada through sport] : |h[electronic resource]|b[towards a Canadian sports policy] |
| 246 | 1 |aNational Summit on Sport, Ottawa 2001 |
| 260 | |aHull - Quebec : |bCanadian Heritage. |c2001. |
| 300 | |a26p. |
| 590 | |a12-14-Supp|b2012-04-10 |
| 775 | 08|t[Bâtir le Canada par le sport] : |w(CaOODSP)9.639887 |
| 776 | 0#|tBuilding Canada through sport: towards a Canadian sport policy : |w(CaOODSP)9.662831 |
| 776 | 0#|tBâtir le Canada par le sport: vers une politique canadienne du sport : |w(CaOODSP)9.662832 |
| 856 | 40|ahttp://publications.gc.ca|qPDF|s141 KB|uhttps://publications.gc.ca/collections/Collection/CH24-6-1-2001E.pdf |